|
|
|
|
| LEADER |
00861nnm a2200217 i 4500 |
| 001 |
eta4496 |
| 005 |
20210104150548.0 |
| 008 |
210104s2012 hu o 0|| hun d |
| 040 |
|
|
|a SZTE Elektronikus Tananyag Archívum
|b hun
|
| 041 |
|
|
|a hun
|
| 100 |
1 |
|
|a Elekes Zoltán
|
| 245 |
1 |
0 |
|a Regionális innovációs rendszerek a komplex rendszerek elméletének szemszögéből
|h [elektronikus dokumentum] /
|c Elekes Zoltán
|
| 260 |
|
|
|c 2012
|
| 300 |
|
|
|a 9
|
| 516 |
|
|
|a Presentation
|
| 650 |
|
4 |
|a Társadalomtudományok
|
| 650 |
|
4 |
|a Közgazdasági és gazdálkodástudományok
|
| 695 |
|
|
|a innováció
|
| 700 |
0 |
1 |
|a Bajmócy Zoltán
|e aut
|
| 711 |
|
|
|a Innovációs rendszerek konferencia Innovációs rendszerek elméletének 25 éve szekció
|c Szeged, Magyarország
|d 2012. 11. 29-30.
|
| 856 |
4 |
0 |
|u https://eta.bibl.u-szeged.hu/4496/1/2010-0012_44_10.pdf
|z Dokumentum-elérés
|